000 00636nam a22002177a 4500
999 _c4612
_d4612
003 AR-CdUCM
008 190311b ||||| |||| 00| 0 spa d
040 _aMUNICIPALIDAD PROVINCIAL DEL CUSCO
_cBIBLIOTECA MUNICIPAL DEL CUSCO
082 _a868.6 /
_bV22
100 _aValldeperes, Manuel
_914387
245 _aTiempo para vivir /
260 _aBarcelona :
_bCarabela,
_c1968.
300 _a53 páginas ;
_c21 cm.
440 _aNudo al Alba
_n29
_914388
500 _aDonación de la familia Nieto
650 _aEspaña
_9176
650 _aPoesía de España
_914389
650 _aSiglo XX
_98
942 _2ddc
_cLIBROS
945 _araen